00853nas a22002177a 450000500170000000800410001702200130005804000250007104100080009604400070010411000490011124501100016024600490027026000700031930000370038950400490042665000450047565000490052065000260056965000400059520170130143402.0140314s2013 ck ad gr|||| 00| 0 spa d a22159800 aCO-BoIAVHcCO-BoIAVH aspa ack1 aAcademia Colombiana de Ciencias Veterinarias10aMedicina Veterinaria y ZootecniacÓrgano Informativo de la Academia Colombiana de Ciencias Veterinarias 4aAcademia colombiana de ciencias veterinarias3 aBogotá : bAcademia Colombiana de Ciencias Veterinarias,c2013. bil., tablas, gráficasc27.5 cm aIncluye bibliografía al final de cada tema 4aVeterinariavEnsayoxZootecniazColombia 4aVeterinariavCrónicasxZootecniazColombia 4aAgronomíazColombia 4aEcologíaxBiodiversidadzColombia